Organic coatings: Science and technology (Record no. 39010)
[ view plain ]
| 000 -LEADER | |
|---|---|
| fixed length control field | 00327nam a2200121Ia 4500 |
| 082 ## - DEWEY DECIMAL CLASSIFICATION NUMBER | |
| Classification number | 667.638 |
| Item number | PAR |
| 245 #0 - TITLE STATEMENT | |
| Title | Organic coatings: Science and technology |
| 260 ## - PUBLICATION, DISTRIBUTION, ETC. (IMPRINT) | |
| Place of publication | New York |
| Name of publisher | Marcel Dekker |
| Year of publication | 1983 |
| 700 ## - ADDED ENTRY--PERSONAL NAME | |
| Personal name | Parfitt, Geofrey D |
| 700 ## - ADDED ENTRY--PERSONAL NAME | |
| Personal name | Patsis, Angelos |
| 942 ## - ADDED ENTRY ELEMENTS (KOHA) | |
| Koha item type | Books |
| Withdrawn status | Lost status | Damaged status | Not for loan | Home library | Current library | Date acquired | Cost, normal purchase price | Full call number | Accession Number | Koha item type |
|---|---|---|---|---|---|---|---|---|---|---|
| RRII Library | RRII Library | 16/12/2021 | 90.00 | 667.638 PAR | 19357 | Books |